[Event "FIDE World Cup"]
[Site "Tbilisi"]
[Date "2017.09.11"]
[Round "3.4"]
[White "Sethuraman, SP."]
[Black "Giri, Anish"]
[Result "1-0"]
[WhiteElo "2618"]
[BlackElo "2772"]
[Annotator "Sethuraman,SP"]
[PlyCount "67"]
[EventDate "2017.09.03"]
[EventType "k.o."]
[EventRounds "7"]
[EventCountry "GEO"]
[SourceTitle "CBM 181"]
[Source "ChessBase"]
[SourceDate "2017.11.10"]
[SourceVersion "1"]
[SourceVersionDate "2017.11.10"]
[SourceQuality "1"]

{After the second crazy game where I had a thousand ways to win and I didn't,
it was really painful not to have finished the match and having to enter the
tiebreaks. Even more was losing the first game in the tiebreaks from a decent
position with the black pieces. So I was all charged up for the second one!} 1.
e4 c5 2. Nf3 d6 3. d4 cxd4 4. Nxd4 Nf6 5. Nc3 a6 {The Najdorf was a surprise
to me from Anish since I thought he would shift gear and play 1...e5 as he
required only a draw to win the match. Nevertheless it is quite understandable
that Anish wants to stick to his plans and his preparation.} 6. h3 (6. Be2 e5
7. Nb3 Be6 8. Be3 Be7 9. Qd3 {happened in the second classical game.}) 6... e6
7. g4 Nfd7 8. Bg2 Be7 9. Be3 Nc6 10. h4 $5 {A forgotten line. Anand played
this interesting idea way back in 2014! So I thought it's time to employ it
again and revive it.} Nde5 11. g5 Bd7 12. Nxc6 $1 (12. f4 Nc4 13. Nxc6 bxc6 $1)
12... Bxc6 (12... bxc6 13. Qe2 $1) 13. Qd4 $1 {An improvement over the game of
Anand-Topalov just restricting the knight on e5 and preparing to castle long.}
(13. b3 f5 14. f4 Ng4 15. Qe2 Nxe3 16. Qxe3 fxe4 17. O-O-O d5 18. Nxe4 Ba3+ 19.
Kb1 Qe7 20. Nf2 Bc5 21. Qg3 Bxf2 22. Qxf2 O-O 23. Qd4 Rf5 24. Rde1 Raf8 25.
Rhf1 $14 {1-0 (57) Anand,V (2770)-Topalov,V (2785) Khanty-Mansiysk 2014}) 13...
O-O 14. O-O-O {I was very happy with the outcome of the opening. White is
clearly better here with a very strong attack coming!} b5 15. f4 Nc4 16. Kb1 e5
(16... Rc8 17. Bc1 $16) (16... Nxe3 17. Qxe3 b4 18. Ne2 a5 19. h5 $16) 17. Qd3
exf4 (17... Nxe3 18. Qxe3 exf4 19. Qxf4 {and Black is just doomed to passivity.
}) 18. Bxf4 Re8 19. Qg3 Qa5 20. Bc1 b4 21. Ne2 (21. Nd5 $142 Bxd5 22. Rxd5 Qc7
23. h5 $16) 21... Rab8 (21... Qe5 $142 22. Qd3 $1 (22. Nf4 Rab8 $1 {[%cal
Gc4a3]} 23. Ka1 a5) 22... Bb5 23. Qf3 $16 {[%csl Rb5]}) 22. Nd4 Bd7 23. h5 Qe5
24. Bf4 Qc5 25. Rhf1 (25. Bh3 $142 $1) 25... Rec8 26. Rf2 $1 {Safety first!
Now White's attack is just unstoppable.} (26. g6 fxg6 27. hxg6 Bf6) 26... a5
27. Bc1 (27. Nf5 $5 {I didn't consider this move during the game but let me
just give some amazing inhuman lines to bear witness to the beauty of chess!}
Bxf5 28. exf5 Na3+ 29. bxa3 bxa3+ 30. Ka1 Rb2 31. Bd5 Rxc2 (31... Rcb8 32. Rff1
$1 Qb4 33. Bb3 a4 34. f6 axb3 35. axb3 Bf8 (35... Qc5 36. Rd2 $1) 36. g6 $18)
32. Rff1 (32. Rxc2 Qxc2 33. Qb3 Qxf5) 32... h6 $3 {An amazing resource from
the computer!} 33. f6 hxg5 34. fxe7 gxf4 35. Qb3 (35. Qd3 Rc3 36. Qe4 Re3 37.
e8=Q+ Rxe8 38. Qc4 Qxc4 39. Bxc4 R8e4 $13) 35... Re8 $3 36. Bxf7+ Kh8 37. Bd5
a4 38. Qd3 Rxe7 $132) (27. Bf1 $1 {trying to exchange the active knight on c4
which is creating counterplay for Black is the simplest way to increase the
advantage:} Na3+ (27... a4 28. Bxc4 Qxc4 29. g6 $16) 28. Ka1 $18) 27... a4 28.
g6 fxg6 29. hxg6 h5 $4 (29... Qh5 $1 {I completely missed this strong resource
and my opponent as well - it could have made things difficult} 30. gxh7+ Kh8
31. Bf3 Qe5 $14 {/+/-}) 30. Bh3 $1 Bxh3 31. Qxh3 Qe5 32. Rf5 Qxe4 33. Rxh5 Na3+
34. Ka1 {It was nice to finally win a game and level the score in this
mini-match but Anish proved far superior in the 10 min tiebreaks and snatched
the victory away from me.} 1-0

[Event "FIDE World Cup"]
[Site "Tbilisi"]
[Date "2017.09.11"]
[Round "3.5"]
[White "Aronian, Levon"]
[Black "Matlakov, Maxim"]
[Result "1-0"]
[WhiteElo "2799"]
[BlackElo "2728"]
[Annotator "Marin,M"]
[PlyCount "105"]
[EventDate "2017.09.03"]
[EventType "k.o."]
[EventRounds "7"]
[EventCountry "GEO"]
[SourceTitle "CBM 181"]
[Source "ChessBase"]
[SourceDate "2017.11.10"]
[SourceVersion "1"]
[SourceVersionDate "2017.11.10"]
[SourceQuality "1"]

1. Nf3 d5 2. g3 Bg4 3. Bg2 c6 4. c4 e6 5. O-O Nf6 6. d3 {A flexible move
keeping the option for several different plans.} Bd6 (6... Nbd7 7. cxd5 (7. Qb3
$6 Qb6 8. Be3 Bc5 {gains a tempo for Black who has not moved with his bishop
before.}) 7... exd5 (7... Bxf3 $2 8. dxe6 $1) 8. Qc2 {(1-0, 92) Carlsen,M 
(2861)-Karjakin,S (2780) Wijk aan Zee 2013 CBM 153 [Marin,M]}) (6... dxc4 7.
dxc4 Nbd7 8. Nc3 {Wang,H (2752)-Caruana,F (2796) Dortmund 2013 CBM 156 [Marin,
M] (1-0, 39)}) (6... Be7 7. Qb3 Qc8 (7... Qb6 8. Be3 Qxb3 9. axb3 {is slightly
less active for Black than the game continuation.}) 8. Nc3 O-O 9. Bf4 Nbd7 10.
cxd5 exd5 11. Rfc1 {Rahman,Z (2512)-Bluebaum,M (2626) Baku 2016 CBM 175 [Roiz,
M] (0-1, 47)}) 7. Qb3 {Once the bishop has moved, this and the next move are
logical.} Qb6 (7... Qc7 {is a bit passive.} 8. Nc3 Nbd7 9. cxd5 exd5 10. e4
dxe4 11. dxe4 O-O 12. Be3 (12. Nd4 $5) 12... Be6 13. Qc2 Ng4 14. Bd4 c5 15. Nb5
Qb6 16. Nxd6 cxd4 17. Nf5 Bxf5 18. exf5 Nge5 19. Qb3 Nc6 20. Rfd1 Rfd8 21. Rac1
Qxb3 22. axb3 Nb6 23. Ne1 Rac8 24. Nd3 $14 {Goganov,A (2598)-Bluebaum,M (2576)
Moscow 2015 (½-½, 43)}) ({But} 7... Qc8 $5 $146 {keeping the possibility of .
..Bh3 after the generally inevitable exchange on d5 deserves attention.}) 8.
Be3 Qxb3 9. axb3 {White has consolidated his centre (he could later play d3-d4)
and exerts some queenside pressure. Without queens on the board it is also
entirely safe to chase away the g4-bishop with h2-h3 and g3-g4. In principle
his advantage is microscopic, but play tends to be one-sided.} a6 (9... Na6 10.
Nc3 O-O {Summerscale,A (2410)-Berg,K (2440) Richmond 1994 (½-½, 24)} 11. Ra4
Nc5 12. Bxc5 Bxc5 13. b4 Bxf3 (13... Be7 14. Ne5 $5) 14. Bxf3 Be7 15. b5 $36)
10. h3 (10. Nbd2 Nbd7 11. h3 Bh5 12. g4 Bg6 13. Nh4 e5 $6 {Premature activity.
Black should remain solid and passive.} 14. d4 exd4 (14... e4 15. Nb1 $5 $14 {
[%cal Gb1c3]}) 15. Bxd4 Bb4 {Hammer,J (2647)-Oparin,G (2526) Yerevan 2014 
(½-½, 86)} 16. Rfd1 $14) 10... Bxf3 {It is probably best to give away the
bishop at once. Otherwise Black will get double pawns allowing White a
kingside expansion at the same time.} (10... Bh5 11. g4 Bg6 12. Nh4 Nbd7 13.
Nc3 $14) 11. Bxf3 Nbd7 12. Rc1 (12. Bg2 O-O 13. g4 Ne8 14. Nc3 Nc7 15. d4 f5 {
Wang,H (2752)-Meier,G (2610) Dortmund 2013 CBM 156 [Pavlovic,M] (1-0, 66) with
certain counterplay due to the slightly premature g3-g4.}) 12... Ke7 $146 {
A logical novelty. There are no dangers for the king in the centre and it
could be useful for coordinating the minor pieces.} (12... O-O 13. Na3 (13. Bg2
Rac8 14. Nd2 Rfe8 15. c5 Bc7 16. b4 Re7 17. Nb3 Rce8 18. Bd2 Nf8 19. Bc3 e5 20.
e3 N8d7 21. e4 d4 22. Be1 g6 23. Nd2 Nf8 24. Nc4 Ne6 25. Bd2 $14 {Vastrukhin,O
(2401)-Lushnikov,S (1953) Sochi 2016 (½-½, 73)}) 13... Rac8 14. Nc2 Rfd8 15.
Bg2 h6 16. b4 {Pavlov,S (2526)-Itkis,B (2405) Kiev 2011 (½-½, 79) with some
pressure.}) 13. Nc3 Rhc8 14. d4 $14 {It is not easy to see how White is going
to break, but his superior space and the bishop pair offer him the better
chances in the long run.} Kf8 15. Bd2 Be7 {Black anticipates the slow kingside
pawn attack.} (15... Bb4 16. g4 h6 17. h4 $14) 16. e3 $5 {Aronian keeps
manoeuvring, intending to bring the knight to d3.} (16. e4 {allows Black to
get a Caro-Kann type of position, with every chance to hold:} dxe4 17. Nxe4
Nxe4 18. Bxe4 Nf6 19. Bf3 Rd8 20. Bc3 Rd7) (16. g4 h6 17. h4 {is less
effective with the bishop on e7 due to} Nh7 18. h5 Bb4) 16... Nb6 17. Ne2 Ne4
18. Be1 f5 {A committal move, weakening the e6-pawn and the e5-square, but
Black probably had enough of passive play.} 19. Nf4 Kf7 20. Nd3 Nd7 21. Be2 Bd6
22. b4 {[%cal Gd3c5] After having regrouped optimally, White starts the pawn
attack.} dxc4 23. Nc5 Ndxc5 24. bxc5 Bc7 25. Bxc4 {White has improved his
structure and has gained even more space. It is not easy to break yet, but his
advantage starts taking shape.} Ke7 ({The attempt at blocking the white
kingside on the dark squares wastes time and weakens his own kingside:} 25...
g5 26. Kg2 h5 27. f3 Nf6 28. e4 $1 fxe4 29. fxe4 Nxe4 30. Ra3 {Suddenly Black
is awfully hanging.} Re8 31. Re3 Nf6 32. Bd2 $1 {A key regrouping move.} Re7
33. Rf3 g4 34. hxg4 hxg4 35. Rf2 Rf8 36. Rcf1 Kg6 37. Bd3+ Kg7 38. Bg5 Ref7 39.
Rh1 $18) 26. Kg2 Rd8 27. Ra4 $6 {Aronian probably thought the rook could
become active along the fourth rank after Black's logical break in the centre.}
({n fact, third rank activity would have been more effective. Let us compare
the parallel similar lines:} 27. Ra3 Rd7 28. f3 Nf6 29. Rb3 Rb8 30. Bf2 e5 31.
g4 exd4 32. exd4 Nd5 33. Re1+ Kf6 34. Bxd5 Rxd5 35. Rbe3 $16 {In the game he
will not have this quick rook switch.}) 27... Rd7 28. f3 Nf6 29. Bf2 ({Even
though this would have meant wasting a tempo,} 29. Ra3 $5 {deserves attention.}
) 29... e5 30. Rb4 Rb8 31. g4 exd4 32. exd4 Nd5 33. Re1+ Kf6 34. Bxd5 Rxd5 35.
Re2 Rd7 {Black has some problems with his backward pawn on b7, but otherwise
has good control on the light squares and is out of any danger. In some cases
White's bishop could turn "bad".} 36. b3 {A mysterious move reducing the
rook's mobility.} h5 37. gxh5 a5 $6 {Black obviously wanted to free his rook
in order to retrieve the pawn, but the last move weakens the queenside. He
probably wanted to punish b2-b3.} (37... Kf7 $5) 38. Rc4 (38. Ra4 $1 Rh8 39. b4
{is much more effective as it attacks a5 forcing} axb4 40. Rxb4 $14 {when
White's queenside play is faster than Black's on the opposite wing.}) 38... Rh8
39. b4 Rxh5 $1 40. bxa5 Bxa5 41. Ra2 Bc7 $6 (41... Bd8 $1 $11 {would have
gained an important tempo by keeping b7 defended:} 42. Ra7 g5 43. d5 {White
needs to head for mass simplifications and a draw.} (43. Rb4 $2 Rdh7 $1) 43...
cxd5 44. Rc2 Rhh7 45. c6 bxc6 46. Rxc6+ Ke5 47. Ra4 Rd6 48. Bd4+ Ke6 49. Rxd6+
Kxd6 50. Ra6+ Kd7 51. Ra7+ Bc7 52. f4 g4 53. hxg4 fxg4 54. Be5 Kc6 55. Kg3 $11)
42. Rb4 Rg5+ $6 (42... Bd8 43. Rab2 $14) 43. Kf1 Bg3 44. Ra7 Bxf2 45. Kxf2 {
White has won a pawn but the final outcome of the ending is unclear yet. Black
goes down unnecessarily quickly.} f4 46. Raxb7 Rxb7 47. Rxb7 Rd5 48. Rb4 Kg5 (
48... Ke6 49. Ke2 Rh5 $14) 49. Ke2 Kh4 50. Kd3 Kg3 $2 (50... Rd7 51. Rb6 Rc7
52. Ke4 g5 $14) 51. Rb6 $18 Kxf3 52. Rxc6 g5 53. Rg6 $18 1-0

[Event "FIDE World Cup"]
[Site "Tbilisi"]
[Date "2017.09.12"]
[Round "4.1"]
[White "Ivanchuk, Vassily"]
[Black "Giri, Anish"]
[Result "1-0"]
[WhiteElo "2728"]
[BlackElo "2772"]
[Annotator "Sagar Shah"]
[PlyCount "81"]
[EventDate "2017.09.03"]
[EventType "k.o."]
[EventRounds "7"]
[EventCountry "GEO"]
[SourceTitle "CBM 181"]
[Source "ChessBase"]
[SourceDate "2017.11.10"]
[SourceVersion "1"]
[SourceVersionDate "2017.11.10"]
[SourceQuality "1"]

1. e4 {[%emt 0:00:00]} e5 {[%emt 0:00:05] Giri,A: 'Everybody still remembers
the King's Gambit game that Carlsen won, and I think there is no doubt Magnus
wants to keep his 100% score there, so...'} 2. Nf3 {[%emt 0:00:00] Giri,A: '!'}
Nf6 {[%emt 0:00:06] It seems as if the Berlin has been replaced by the Petroff
as everyone's favourite drawing weapon at the World Cup 2017.} 3. d4 {[%emt 0:
02:01]} Nxe4 {[%emt 0:00:12]} 4. Bd3 {[%emt 0:00:22]} d5 {[%emt 0:00:21]} 5.
Nxe5 {[%emt 0:00:06]} Nd7 {[%emt 0:00:42]} 6. Nxd7 {[%emt 0:00:06]} Bxd7 {
[%emt 0:00:13]} 7. O-O {[%emt 0:00:04]} Bd6 {[%emt 0:00:08]} (7... Qh4 $5 {
has lost its popularity nowadays, though my Dutch teammate Jan Smeets (I am
still in Olympiad mode...) tried it against Tiviakov in Corus 2010.}) 8. Qh5 $5
{[%emt 0:00:16] This queen sortie looks very weird. What exactly are we doing?
Attacking the d5-pawn. Why can it not be just defended with ...c6?} ({Giri,A:
'Statistically the main move'} 8. c4 {is considered to be the main variation.})
8... Qf6 {[%emt 0:02:32] Anish tried to recollect his move and made it. He has
already played two games before with this move. And he has annotated
Carlsen-Wang,Y 2010, in which 8...Nf6 was played.} (8... c6 9. Nd2 (9. Bxe4
dxe4 10. Nd2 {might be something to look into for White.}) (9. Nc3 $5 Nf6 10.
Re1+ Kf8 $13) 9... Nf6 10. Re1+ Kf8 11. Qh4 $14) ({This was annotated by Anish
Giri in detail. Reproduced here is the opening phase of the game.} 8... Nf6 {
Giri,A: 'The d-pawn was attacked, but now'} 9. Re1+ {Giri,A: 'The point. Now
Black has a choice'} Kf8 {Giri,A: 'Strange looking, but main. Black trusts his
better development and hopes it will compensate for the uncomfortable position
of the king. After this game though, I think this trust may be weakened.'} (
9... Be7 {is more solid, but still, life is not so easy after let's say} 10.
Qe2 Be6 11. Nd2 O-O 12. Nf3 Re8 13. Ne5 Nd7 14. f4 Nxe5 15. dxe5 {and Tiviakov
got some (practical) advantage against Socko this year. In the game Black
managed to escape.}) 10. Qe2 {Giri,A: '!'} (10. Qh4 {is played more often, but
Black has a simple way to equalise:} Ng4 $1 {and White has to change the
queens. The resulting endgame is dead equal.}) 10... Ng4 {Giri,A: 'Perhaps
this logical move, which was also considered to be main, is a bit
over-optimistic after all..'} ({The solid} 10... c6 $5 {deserves attention and
should be studied by those who are interested. Still after the critical} 11.
Nd2 Qc7 12. Nf3 Bg4 13. Qe3 $1 Bxf3 14. Qxf3 Bxh2+ 15. Kf1 Bd6 16. Bg5 {
played twice by Sutovsky - maybe not without reason... Life isn't that simple.}
) 11. h3 Qh4 12. Qf3 Bh2+ (12... Nf6 {is mainstream and more solid, but I
believe after} 13. Nc3 c6 14. Ne2 {Black has no attack, but a little bit
uncomfortable king, so White should be slightly better with no risk.}) 13. Kf1
Nxf2 {Giri,A: 'The whole operation is conducted in the spirit of the position,
with the white queenside still undevelopped, but in fact the black pieces are
also not perfect with the rook on h8 and the king on f8, eager to swap places.'
} 14. Qxf2 Bg3 15. Qd2 Qf6+ 16. Kg1 Bxe1 17. Qxe1 Qxd4+ 18. Kh2 Re8 19. Qg3 Qe5
{Giri,A: 'Leads to a lost endgame, which though at first sight seems
interesting for Black. However there was already no way back, because if White
develops, the position is just lost for Black.'} 20. Qxe5 Rxe5 21. Bf4 {
Giri,A: '!'} Re1 22. Bxc7 {Giri,A: 'Here I first thought that the computer
doesn't understand that his queenside is stuck, but then I realized that in
fact the threat is Ba5-d2 followed by Be2 kicking out or winning the rook.'} a6
{Giri,A: 'Only try. Black wants to change the potentially dangerous d3 bishop,
but White has a logical antidote:'} 23. Ba5 Rd1 24. a4 {Giri,A: '!'} Ke7 25.
Bd2 Rc8 26. c3 {Giri,A: '!'} d4 27. c4 g6 28. Be2 {1-0 (38) Carlsen,M (2826)
-Wang,Y (2732) Nanjing 2010}) 9. Be3 {[%emt 0:37:50] Ivanchuk thought for over
half an hour at the board and found this new move.} (9. Qxd5 Bc6 10. Qh5 Qxd4
$11) 9... O-O-O $6 {[%emt 0:34:01] Anish was in a fighting mood and goes for
0-0-0. But objectively this was not the best.} (9... Bf5 $5 $11 {This might
have been a better option.} 10. f3 g6 11. Qh6 Bf8 12. Qf4 Bd6 $11) 10. Nc3 {
[%emt 0:06:15] A strong human move. I call it human because Qxd5 is the one
that computers would prefer.} (10. Qxd5 $5 {was now possible, Ivanchuk must
have thought that the bishop on c6 will be dangerous in future.} Bc6 11. Qh5
$16 {[%cal Gc6g2] Objectively this would have been the best. White is a pawn
up and there is nothing much that Black can do here.}) 10... Nxc3 {[%emt 0:12:
47]} 11. bxc3 {[%emt 0:00:09][%cal Ga1b1,Gb1b7,Ge3g5] White is better here.
Mainly he has the b-file open towards the black king and also threats like Bg5
are in the air.} Qe6 {[%emt 0:00:30]} 12. Rfe1 {[%emt 0:02:24]} f6 {[%emt 0:01:
53]} 13. Bd2 {[%emt 0:14:04]} Qg8 {[%emt 0:00:18]} 14. Rab1 {[%emt 0:00:04]
Ivanchuk makes logical moves and mounts the pressure. Both his rooks are on
open files and if he can open up the position in the centre whenever he wants
to with c4.} Kb8 {[%emt 0:09:50]} 15. h3 $6 {[%emt 0:06:46] This move is not
in the spirit of the position.} (15. Qf3 $1 b6 16. Ba6 Bc8 17. Bxc8 Kxc8 18. a4
Kb8 19. c4 dxc4 20. a5 $14 {with a strong attack coming up.}) 15... b6 {
[%emt 0:01:34]} (15... Bc8 $5) 16. Ba6 {[%emt 0:02:07]} g5 {[%emt 0:05:10]} 17.
Qf3 $2 {[%emt 0:05:40]} (17. c4 $5 {looks tricky} dxc4 18. Qf3 Bc8 $5 {Black
should be fine} (18... c6 19. Qxf6 $16) 19. Bxc8 Rxc8 20. a4 g4 {This comes in
time to create counterplay against White's king.} 21. hxg4 h5 22. gxh5 (22. a5
hxg4 23. Qc6 Qh7 $17 {Black is faster.}) 22... Qh7 $132) 17... g4 $1 {[%emt 0:
03:01] Anish finds the best way to create play.} 18. hxg4 {[%emt 0:00:02]} Bxg4
{[%emt 0:03:37]} 19. Qxf6 {[%emt 0:03:13]} Rf8 {[%emt 0:00:33]} 20. Qh4 {
[%emt 0:00:01]} h5 $6 {[%emt 0:01:59]} (20... Qg6 21. Bd3 Bf5 22. Bxf5 Qxf5 23.
Re2 Rhg8 {[%cal Gf8f2,Gg8g2]} 24. Rbe1 Kb7 $17 {Black has a great position,
all his pieces are aiming towards White's king, whereas Black's king is safe.})
(20... Rf5 $1 {is also very strong with the threat of Rh5.} 21. Be2 Bxe2 22.
Rxe2 Qg6 $17) 21. Bg5 $1 {[%emt 0:01:40]} Rh7 {[%emt 0:02:18]} (21... Qg6 {
was strong. The idea is ...Rhg8 with powerful attack. White must do something
about it.} 22. Bd3 Bf5 23. Bxf5 Qxf5 24. Re2 Kb7 $15) 22. Re3 {[%emt 0:05:08]}
Bc8 $6 {[%emt 0:10:36] Exchanging the strong a6 bishop seems logical but it
turns out to be in White's favour. He doesn't have to worry any more about his
king.} (22... Bf5 $1 {was good, at some point this bishop can come on e4
stopping white's rooks in their tracks.} 23. Rbe1 Rg7 24. f4 Be4 {this is the
point of Black's ...Bf5 move.} 25. g3 Qf7 $11 {The game is still on.}) 23. Bxc8
{[%emt 0:01:56]} Kxc8 {[%emt 0:00:01]} 24. Rbe1 {[%emt 0:01:48] White is
consolidating. Soon he would be a pawn up for no compensation. Black has to
hurry up.} Qg6 {[%emt 0:01:20]} 25. Be7 {[%emt 0:05:07]} Bxe7 {[%emt 0:03:06]}
26. Rxe7 {[%emt 0:00:01]} Qxc2 $2 {[%emt 0:00:52]} (26... Kb7 27. Qh2 Rxe7 28.
Rxe7 Rc8 $13 {gives Black good drawing chances.}) 27. Qg3 $1 {[%emt 0:02:16]
This strong move gives White a huge advantage.} Rxe7 {[%emt 0:00:04]} 28. Rxe7
{[%emt 0:00:04] A queen exchange becomes mandatory in order to avoid getting
checkmated.} Qc1+ {[%emt 0:00:02]} 29. Kh2 {[%emt 0:00:06]} Qf4 {[%emt 0:00:05]
} 30. f3 {[%emt 0:01:13]} (30. Qxf4 Rxf4 31. Kg3 $18 {was more accurate.})
30... a5 {[%emt 0:04:30]} 31. Re5 $2 {[%emt 0:02:53]} (31. Rh7 $1 $16 {was
strong and now it's difficult for Black to protect the h-pawn}) (31. Qxf4 Rxf4
32. Re5 $16 {was also good for White.}) 31... Qf7 $6 {[%emt 0:00:10]} (31...
Qd2 $1 {would have given Black a great hope to fight on equal terms.} 32. Re7
Qxc3 $11) 32. Qh3+ {[%emt 0:00:47]} Kb7 {[%emt 0:00:01]} 33. Rxh5 $2 {[%emt 0:
00:37]} a4 $6 {[%emt 0:01:43]} (33... Qf4+ $1 34. Qg3 Qd2 $1 {Black has
excellent counterplay.} 35. Rh7 Rc8 $17) 34. Rh7 {[%emt 0:00:23]} Qf4+ $2 {
[%emt 0:01:32] Anish makes quite a big mistake. From here his position is
irreparable.} (34... Qe8 $13) 35. Qg3 $1 {[%emt 0:00:01] Now ...Qd2 is no
longer possible because of the c7-pawn falling.} a3 {[%emt 0:00:01]} 36. Qxf4 {
[%emt 0:01:06]} Rxf4 {[%emt 0:00:01]} 37. Re7 {[%emt 0:00:45]} Rf6 {[%emt 0:01:
10]} 38. Re3 {[%emt 0:00:05]} Rh6+ {[%emt 0:00:21]} 39. Kg1 {[%emt 0:00:12]}
Ka6 {[%emt 0:00:33]} 40. f4 {[%emt 0:00:00]} c5 {[%emt 0:01:24]} 41. f5 {
[%emt 0:03:14] White's pawns are just too fast. Ivanchuk's opening idea with
Be3 was new, but not very dangerous if Giri would have replied with ...Bf5.
But the way Anish played in the game gave Vassily a clear advantge.} 1-0